Central Library OPAC University of Rajshahi

Politics and social structure in Latin America / (Record no. 36509)

MARC details
000 -LEADER
fixed length control field 00954nam a2200289 4500
001 - CONTROL NUMBER
control field 36509
003 - CONTROL NUMBER IDENTIFIER
rucl marc code BD-RjUL
005 - DATE AND TIME OF LATEST TRANSACTION
control field 20211209052510.0
008 - FIXED-LENGTH DATA ELEMENTS--GENERAL INFORMATION
fixed length control field 140624s1970 nyu b 000 0 eng d
035 ## - SYSTEM CONTROL NUMBER
System control number (BD-RjUL)36609
040 ## - CATALOGING SOURCE
Original cataloging agency DLC
Transcribing agency DLC
Modifying agency DLC
-- BD-RjUL
Language of cataloging eng
041 ## - LANGUAGE CODE
Language code of text/sound track or separate title eng
082 00 - DEWEY DECIMAL CLASSIFICATION NUMBER
Classification number 320.98
Author mark and year PEP 1970
100 1# - MAIN ENTRY--PERSONAL NAME
Personal name Petras, James F.,
Dates associated with a name 1937-
9 (RLIN) 111153
245 10 - TITLE STATEMENT
Title Politics and social structure in Latin America /
Statement of responsibility, etc. James F. Petras
260 ## - PUBLICATION, DISTRIBUTION, ETC. (IMPRINT)
Place of publication, distribution, etc. New York :
Name of publisher, distributor, etc. [Monthly Review Press,
Date of publication, distribution, etc. 1970
300 ## - PHYSICAL DESCRIPTION
Pagination 382 p. ;
Size 21 cm.
350 ## - PRICE (NR) (BK AM CF MU VM SE) [OBSOLETE]
Price $9.50
504 ## - BIBLIOGRAPHY, ETC. NOTE
Bibliography, etc Includes bibliographical references.
650 #0 - SUBJECT ADDED ENTRY--TOPICAL TERM
Topical term or geographic name as entry element Social classes
Geographic subdivision Latin America.
9 (RLIN) 111154
651 #0 - SUBJECT ADDED ENTRY--GEOGRAPHIC NAME
Geographic name Latin America
General subdivision Politics and government
Chronological subdivision 1948-
9 (RLIN) 22236
Geographic name United States
General subdivision Foreign relations
Geographic subdivision Latin America.
9 (RLIN) 111155
Geographic name Latin America
General subdivision Foreign relations
Geographic subdivision United States.
9 (RLIN) 111156
942 ## - ADDED ENTRY ELEMENTS (KOHA)
Source of classification or shelving scheme Dewey Decimal Classification
Koha item type Books
Holdings
Lost status Source of classification or shelving scheme Damaged status Not for loan Collection code Permanent Location Current Location Shelving location Date acquired Source of acquisition Cost, normal purchase price Total Checkouts Full call number Date last seen Copy number Koha item type
  Dewey Decimal Classification   Not For Loan Non-fiction Central Library, University of Rajshahi Central Library, University of Rajshahi Reading Room 24/10/1990 Swaqut Osman 0.00   320.98 PEP 1970 24/06/2014 C-1 Books